书目信息 |
| 题名: |
四川保路运动史
|
|
| 作者: | 隗瀛涛 编著 | |
| 分册: | ||
| 出版信息: | 成都 四川人民出版社 1981 |
|
| 页数: | 370页 | |
| 开本: | 21cm | |
| 丛书名: | ||
| 单 册: | ||
| 中图分类: | K257.26 | |
| 科图分类: | ||
| 主题词: | 中国--历史--1840~1949 | |
| 电子资源: | ||
| ISBN: | ||
| 000 | 00635nam0 2200229 45 | |
| 001 | 0181010116 | |
| 005 | 20060815173546.81 | |
| 010 | @dCNY1.49 | |
| 091 | @a1118.71 | |
| 100 | @a19950621d1981 em y0chiy0121 ea | |
| 101 | 0 | @achi |
| 102 | @aCN@b510000 | |
| 105 | @af z 000yy | |
| 200 | 10 | @a四川保路运动史@Asi chuan bao lu yun dong shi@f隗瀛涛编著 |
| 210 | @a成都@c四川人民出版社@d1981 | |
| 215 | @a370页@c照片@d21cm | |
| 606 | 0 | @a中国@x历史@z1840~1949 |
| 690 | @aK257.26 | |
| 701 | 0 | @a隗瀛涛@Akui ying tao@4编著 |
| 801 | 0 | @aCN@b上海图书馆@c20060815 |
| 801 | 2 | @aCN@bNLC@c20060719 |
| 905 | @f1@b156340@dK257.26@e21 | |
| 四川保路运动史/隗瀛涛编著.-成都:四川人民出版社,1981 |
| 370页:照片;21cm |
| ISBN :CNY1.49 |
| ● |
| 相关链接 |
|
|
|
|
正题名:四川保路运动史
索取号:K257.26/21
 
预约/预借
| 序号 | 登录号 | 条形码 | 馆藏地/架位号 | 状态 | 备注 |
| 1 | 0156340 | 001292577 | 第二借阅区/ [索取号:K257.26/21] | 在馆 | |
| 2 | 0156341 | 001292648 | 第二样本阅览室/ [索取号:K257.26/21] | 在馆 | |
| 3 | 0435085 | 204350852 | 密集书库/ [索取号:K257.26/21] | 在馆 | |
| 4 | 0435086 | 204350861 | 密集书库/ [索取号:K257.26/21] | 在馆 | |
| 5 | 0462961 | 204629615 | 密集书库/ [索取号:K257.26/21] | 在馆 |